Zwycięzcy Siatkarskiej Ligi Mistrzów - Statystyki

Ogólne statystyki
  • Ten quiz został rozwiązany 94 razy
  • Średni wynik to 15 z 63
Statystyki odpowiedzi
Rok Zwycięzca % Poprawnych
2020/2021 Grupa Azoty ZAKSA Kędzierzyn-Koźle
97%
2021/2022 Grupa Azoty ZAKSA Kędzierzyn-Koźle
97%
2022/2023 Grupa Azoty ZAKSA Kędzierzyn-Koźle
97%
2008/2009 Itas Diatec Trentino
70%
2009/2010 Trentino BetClic
70%
2010/2011 Trentino BetClic
70%
2007/2008 Zenit Kazań
69%
2011/2012 Zenit Kazań
69%
2014/2015 Zenit Kazań
69%
2015/2016 Zenit Kazań
69%
2016/2017 Zenit Kazań
69%
2017/2018 Zenit Kazań
69%
2018/2019 Cucine Lube Civitanova
43%
2001/2002 Lube Banca Marche Macerata
39%
1960 CSKA Moskwa
27%
1962 CSKA Moskwa
27%
1972/1973 CSKA Moskwa
27%
1973/1974 CSKA Moskwa
27%
1974/1975 CSKA Moskwa
27%
1976/1977 CSKA Moskwa
27%
1981/1982 CSKA Moskwa
27%
1982/1983 CSKA Moskwa
27%
1985/1986 CSKA Moskwa
27%
1986/1987 CSKA Moskwa
27%
1987/1988 CSKA Moskwa
27%
1988/1989 CSKA Moskwa
27%
1990/1991 CSKA Moskwa
27%
1977/1978 Płomień Milowice
21%
1994/1995 Sisley Treviso
11%
1998/1999 Sisley Treviso
11%
1999/2000 Sisley Treviso
11%
2005/2006 Sisley Treviso
11%
2012/2013 Lokomotiw Nowosybirsk
10%
1968/1969 CSKA Sofia
9%
2000/2001 Paris Volley
9%
2013/2014 Biełogorje Biełgorod
7%
2002/2003 Lokomotiw-Biełogorje Biełgorod
7%
2003/2004 Lokomotiw-Biełogorje Biełgorod
7%
2006/2007 VfB Friedrichshafen
7%
2004/2005 Tours VB
6%
1997/1998 Casa Modena Unibon
4%
1995/1996 Las Daytona Modena
4%
1996/1997 Las Daytona Modena
4%
1989/1990 Pallavolo Modena
4%
1961 Rapid Bukareszt
4%
1962/1963 Rapid Bukareszt
4%
1964/1965 Rapid Bukareszt
4%
1965/1966 Dinamo Bukareszt
3%
1966/1967 Dinamo Bukareszt
3%
1980/1981 Dinamo Bukareszt
3%
1963/1964 SC Lipsk
3%
1969/1970 Buriewiestnik Ałma-Ata
1%
1970/1971 Buriewiestnik Ałma-Ata
1%
1978/1979 Cervena hviezda Bratysława
1%
1979/1980 Klippan Turyn
1%
1991/1992 Messaggero Ravenna
1%
1992/1993 Messaggero Ravenna
1%
1993/1994 Porto Rawenna
1%
1983/1984 Santal Parma
1%
1984/1985 Santal Parma
1%
1967/1968 Spartak Brno
1%
1975/1976 VK Dukla Liberec
1%
1971/1972 Zetor Zbrojovka Brno
1%
Nie znaleziono quizów pasujących do podanych kryteriów
Rozkład punktacji
Procent ludzi z każdym wynikiem
Percentyl według liczby udzielonych odpowiedzi
Twoja historia wyników
Nie rozwiązałeś tego quizu